| 000 | 00771nam a2200265Ia 4500 | ||
|---|---|---|---|
| 003 | OSt | ||
| 005 | 20220918181609.0 | ||
| 006 | a|||||r|||| 00| 0 | ||
| 007 | ta | ||
| 008 | 220917b |||||||| |||| 00| 0 eng d | ||
| 024 | _a27,800 | ||
| 037 | _cTextual | ||
| 040 |
_aARTS _cARTS _beng |
||
| 041 |
_2eng _aeng |
||
| 082 | _aO111,1M88:g, M3 | ||
| 100 |
_aTobin David Ned _958894 |
||
| 245 | 0 |
_aPresence of the past _b T S Eliot victorian inheritanve |
|
| 260 |
_aAnne _bArbor U M I Research Press _c1983 |
||
| 300 |
_axi,178p. _ccm. |
||
| 490 | _aStudies in modern literature; 8 | ||
| 500 | _abib p158-73; appendix p122-55 | ||
| 650 | _aENGLISH LITERATURE | ||
| 942 |
_hO111,1M88:g, M3 _cTEXL _2CC |
||
| 999 |
_c166211 _d166211 |
||